| 000 | 004550000a22001690004500 | ||
|---|---|---|---|
| 003 | MACL | ||
| 005 | 20151230151315.0 | ||
| 008 | 151230b xxu||||| |||| 00| 0 eng d | ||
| 040 |
_aMACL _cMACL |
||
| 041 | _aEnglish | ||
| 082 | _a320/HAR | ||
| 100 |
_aLecky, William Edward Hartpole _923837 |
||
| 245 |
_aDemocracy and Liberty _bvol 2 |
||
| 260 |
_bLongman's Green And Co _c1899 _aBombay |
||
| 650 |
_aPolitical Science _925042 |
||
| 942 |
_cBK _k320/HAR _2ddc |
||
| 999 |
_c36878 _d36878 |
||